Policies and practices for low-carbon green growth in Asia : Highlights

This book includes many parts: why low-carbon green growth for Asia, tackling climate changeand accelerating low-carbon green growth - the Asian renaissance and the Scale of the challenge, transformation strategies and policy actions, transformation lessons - going green as a development strategy,.....

وصف كامل

محفوظ في:
التفاصيل البيبلوغرافية
التنسيق: كتاب
اللغة:Undetermined
منشور في: Philippines Asian Development Bank 2012
الموضوعات:
الوسوم: إضافة وسم
لا توجد وسوم, كن أول من يضع وسما على هذه التسجيلة!
Thư viện lưu trữ: Trung tâm Học liệu Trường Đại học Cần Thơ
LEADER 00895nam a2200193Ia 4500
001 CTU_189623
008 210402s9999 xx 000 0 und d
082 |a 338.9 
082 |b P766 
245 0 |a Policies and practices for low-carbon green growth in Asia : 
245 0 |b Highlights 
245 0 |c Asian Development Bank 
260 |a Philippines 
260 |b Asian Development Bank 
260 |c 2012 
520 |a This book includes many parts: why low-carbon green growth for Asia, tackling climate changeand accelerating low-carbon green growth - the Asian renaissance and the Scale of the challenge, transformation strategies and policy actions, transformation lessons - going green as a development strategy,... 
650 |a Economic growth,Environment,Tăng trưởng kinh tế,Môi trường 
904 |i Trúc 
980 |a Trung tâm Học liệu Trường Đại học Cần Thơ